000 00649nam a2200241 a 4500
999 _c10460
_d10460
001 10460
003 BD-JhCC
005 20180428174724.0
008 180428s1966 usa |||| |||| 000 0 eng d
035 _a(BD-JhCC)10460
040 _aBD-JhCC
_dBD-JhCC
041 _aeng
082 _a813.09
_bROB 1966
100 _aRoberts, James L.,
_c1929-
245 _aMoby Dick :
_bnotes /
_cJames L. Roberts,
260 _aUSA :
_bCliffs Notes, Inc.
_c1966
300 _a98 p. :
_c19 cm.
504 _aIncludes Bibliography
600 _aMelville, Herman,
_d1819-1891
650 _aMoby Dick (Melville, Herman)
650 _aWhaling
942 _2ddc
_cBK